000 01183cam a22003377a 4500
003 CHAP
005 20220329141451.0
008 971013s1989 r 00010 d
010 _a68629
011 _a69601
035 _a79078
040 _cCHAP
090 _aTesis
100 0 0 _aBarrón Fernández, María del Rosario.
_910561
245 0 _aAnálisis de la contaminación del aire y su efecto en Cupressus y Pinus en la Ciudad de México
260 _aChapingo, Mèx. :
_bEl Autor,
_c1989
300 _a90 h. gráfs.
_b; mapas
502 _aTesis (Ing. Forestal Esp. en Silvicultura) -- UACH. División de Ciencias Forestales
590 _aALEPH
_b10
_c20130110
_lUCH01
_h1405
590 _aBATCH-UPD
_b10
_c20130110
_lUCH01
_h1113
590 _aBATCH-UPD
_b10
_c20130410
_lUCH01
_h0704
590 _aBATCH-UPD
_b10
_c20130914
_lUCH01
_h1848
590 _aCONVERSION
_b10
_c20130109
_lUCH01
_h1338
650 1 4 _aAire
_xContaminacion
_xEfecto en plantas.
_93144
650 1 4 _aÁrboles
_xEfecto del medio ambiente.
_96595
650 1 4 _aCiprés
_xCrecimiento.
_923348
650 1 4 _aPinus.
_988318
901 _aBK
942 _cTESIS
949 _bBC
_cTES
_d-31957
_eTS1
_h21408
_i79078
_si
999 _c68629
_d68629